000 00403nam a22001577a 4500
005 20230725131241.0
008 230725b |||||||| |||| 00| 0 eng d
020 _a978-93-87394-73-5
041 _aeng
100 _aKUMAR, DR.PANKAJ
_97863
245 _aA TEXTBOOK OF ENGINEERING PHYSICS- I
260 _aDELHI
_bKHANNA PUBLISHERS
_c1979
300 _a179;p
650 _aENGINEERING
_97864
942 _cBK
999 _c8329
_d8327